| 000 | 00445cam a2200181ua 4500 | ||
|---|---|---|---|
| 020 | _cRs 6.50 | ||
| 041 |
_ahin _h |
||
| 082 |
_a891.54 _bRAD/PR |
||
| 100 | _aRadhakumud, Mukherjee . | ||
| 245 |
_aPracheen Bharat / _cRadhakumud Mukherjee. _hTextual Documents |
||
| 250 |
_a1 / _b. |
||
| 260 |
_aDelhi : _bRajkamal Prakash , _c1962. |
||
| 300 | _a186 ; . | ||
| 365 | _aRs 6.50 | ||
| 504 | _a | ||
| 942 | _cBK | ||
| 999 |
_c3671 _d3671 |
||